| 000 | 00609nam a22001937a 4500 | ||
|---|---|---|---|
| 005 | 20251108175156.0 | ||
| 008 | 250721s1992 xx 000 0 ara d | ||
| 082 | 1 | 4 | _a633/محا |
| 100 | 1 | _aالشاعر، محمود | |
| 245 | 1 | 0 | _aمحاصيل الزيوت و السكر و الالياف / |
| 264 | 1 |
_aالقاهرة : _bمركز الكومبيوتر لكلية الصيدلة، _c1992. |
|
| 300 | _a358ص. | ||
| 650 | 1 | 7 | _aالمحاصيل الزراعية |
| 650 | 1 | 7 | _aالزيوت |
| 650 | 1 | 7 | _aالالياف |
| 700 | 1 | _aعبد العزيز، سيد | |
| 942 |
_2ddc _cBK |
||
| 999 |
_c127936 _d127936 |
||